Normal view
MARC view
- تأليف: جاريسون،ري اتش / م.مشارك: اريك نورين ؛ تجمة: محمد عصام الدين زايد ؛ مراجعة: احمد حامد حجاج
Entry Personal Name
001 - CONTROL NUMBER
- control field: 30850
003 - CONTROL NUMBER IDENTIFIER
- control field: JO-AjAnu
005 - DATE AND TIME OF LATEST TRANSACTION
- control field: 20230606075212.0
008 - FIXED-LENGTH DATA ELEMENTS
- fixed length control field: 230606|| aca||aabn | a|a d
040 ## - CATALOGING SOURCE
- Original cataloging agency: JO-AjAnu
- Transcribing agency: JO-AjAnu
100 ## - HEADING--PERSONAL NAME
- Personal name: تأليف: جاريسون،ري اتش / م.مشارك: اريك نورين ؛ تجمة: محمد عصام الدين زايد ؛ مراجعة: احمد حامد حجاج
670 ## - SOURCE DATA FOUND
- Source citation: Work cat.: (JO-AjAnu)15844: تأليف: جاريسون،ري اتش / م.مشارك: اريك نورين ؛ تجمة: محمد عصام الدين زايد ؛ مراجعة: احمد حامد حجاج, author, Managerial accounting = المحاسبة الإدارية